|
|
|
|
| LEADER |
018300000a22003010004500 |
| 082 |
|
|
|a 595.7 SRI/TE
|
| 100 |
|
|
|a DHALIWAL, G S
|f Author
|
| 100 |
|
|
|a SRIVASTAVA, K P
|f Author
|
| 245 |
|
|
|a A TEXTBOOK OF APPLIED ENTOMOLOGY:V-2(INSECTS OF ECONOMIC IMPORTANCE)
|
| 260 |
|
|
|a LUDHIANA, KALYANI
|
| 260 |
|
|
|c 2011
|
| 300 |
|
|
|a pages 368
|
| 650 |
|
|
|a AGRICULTURAL ENTOMOLOGY
|
| 650 |
|
|
|a FOREST ENTOMOLOGY
|
| 650 |
|
|
|a HOSEHOLD ENTOMOLOGY
|
| 650 |
|
|
|a INDUSTRIAL ENTOMOLOGY
|
| 650 |
|
|
|a MEDICAL ENTOMOLOGY
|
| 650 |
|
|
|a VETERINARY ENTOMOLOGY
|
| 942 |
|
|
|c BK
|
| 999 |
|
|
|c 166216
|d 166216
|
| 952 |
|
|
|0 0
|1 0
|4 0
|6 595_700000000000000_SRI_TE
|7 0
|9 168762
|a KAUCOAP
|b KAUCOAP
|d 2013-07-24
|o 595.7 SRI/TE
|p KAU_COAP06268
|r 2013-07-24
|w 2013-07-24
|y BK
|
| 952 |
|
|
|0 0
|1 0
|4 0
|6 595_700000000000000_SRI_TE
|7 0
|9 168763
|a KAUCOAP
|b KAUCOAP
|d 2016-01-28
|o 595.7 SRI/TE
|p KAU_COAP06540
|r 2016-01-28
|w 2016-01-28
|y BK
|
| 952 |
|
|
|0 0
|1 0
|4 0
|6 595_700000000000000_SRI_TE
|7 0
|9 168764
|a KAUCOAP
|b KAUCOAP
|d 2016-01-28
|l 1
|o 595.7 SRI/TE
|p KAU_COAP06274
|r 2019-03-08
|s 2019-03-05
|w 2016-01-28
|y BK
|
| 952 |
|
|
|0 0
|1 0
|4 0
|6 595_700000000000000_SRI_TE
|7 0
|9 168765
|a KAUCOAP
|b KAUCOAP
|d 2016-01-28
|l 1
|o 595.7 SRI/TE
|p KAU_COAP06273
|r 2019-05-20
|s 2019-04-27
|w 2016-01-28
|y BK
|
| 952 |
|
|
|0 0
|1 0
|4 0
|6 595_700000000000000_SRI_TE
|7 0
|9 168766
|a KAUCOAP
|b KAUCOAP
|d 2016-01-29
|l 1
|o 595.7 SRI/TE
|p KAU_COAP06538
|r 2019-04-25
|s 2019-03-25
|w 2016-01-29
|y BK
|
| 952 |
|
|
|0 0
|1 0
|4 0
|6 595_700000000000000_SRI_TE
|7 0
|9 168767
|a KAUCOAP
|b KAUCOAP
|d 2016-01-29
|o 595.7 SRI/TE
|p KAU_COAP06267
|r 2016-01-29
|w 2016-01-29
|y BK
|
| 952 |
|
|
|0 0
|1 0
|4 0
|6 595_700000000000000_SRI_TE
|7 0
|9 168768
|a KAUCOAP
|b KAUCOAP
|d 2016-01-29
|o 595.7 SRI/TE
|p KAU_COAP06269
|r 2016-01-29
|w 2016-01-29
|y BK
|
| 952 |
|
|
|0 0
|1 0
|4 0
|6 595_700000000000000_SRI_TE
|7 0
|9 168769
|a KAUCOAP
|b KAUCOAP
|d 2017-04-28
|l 1
|o 595.7 SRI/TE
|p KAU_COAP09658
|r 2019-01-16
|s 2019-01-11
|w 2017-04-28
|y BK
|